| 000 | 01642cam a2200361 a 4500 | ||
|---|---|---|---|
| 001 | EDZ0000063534 | ||
| 003 | StDuBDS | ||
| 005 | 20161031105202.0 | ||
| 006 | m||||||||d|||||||| | ||
| 007 | cr ||||||||||| | ||
| 008 | 120315s2011 caua fo| 001|0|eng d | ||
| 020 |
_a9781452230481 (ebook) : _cNo price |
||
| 040 |
_aStDuBDS _beng _cStDuBDS _epn |
||
| 049 | _aAlfaisal Main Library | ||
| 050 | 0 |
_aLB1028.24 _b.S36 2011 |
|
| 082 | 0 | 4 |
_a370.711 _223 |
| 100 | 1 |
_aSamaras, Anastasia P. _q(Anastasia Pantelides), _d1950- |
|
| 245 | 1 | 0 |
_aSelf-study teacher research _h[electronic resource] : _bimproving your practice through collaborative inquiry / _cAnastasia Samaras. |
| 260 |
_aThousand Oaks, [Calif.] ; _aLondon : _bSAGE, _cc2011. |
||
| 300 |
_a1 online resource (xxvi, 312 p.) : _bill. |
||
| 520 | 8 | _aThis work guides pre-service and in-service teachers in conducting and assessing classroom-based self-study research. Teacher education students are guided in developing a more consciously driven mode of professional activity as they pose questions to improve professional practice with the validation of colleagues. | |
| 521 | _aSpecialized. | ||
| 588 | _aDescription based on print version record. | ||
| 504 | _aIncludes bibliographical references and index. | ||
| 650 | 0 | _aAction research in education. | |
| 650 | 0 |
_aTeachers _xTraining of. |
|
| 650 | 0 | _aGroup work in education. | |
| 655 | 7 |
_aElectronic books. _2local |
|
| 710 | 2 | _aSage eBooks | |
| 776 | 0 | 8 |
_iPrint version : _z9781412972079 |
| 856 | 4 | 0 | _uhttp://ezproxy.alfaisal.edu/login?url=http://sk.sagepub.com/books/self-study-teacher-research |
| 942 |
_2lcc _cEBOOKS |
||
| 999 |
_c481190 _d481190 |
||